<?xml version="1.0" encoding="UTF-8"?>
<record
    xmlns:xsi="http://www.w3.org/2001/XMLSchema-instance"
    xsi:schemaLocation="http://www.loc.gov/MARC21/slim http://www.loc.gov/standards/marcxml/schema/MARC21slim.xsd"
    xmlns="http://www.loc.gov/MARC21/slim">

  <leader>00494nam a2200145   4500</leader>
  <controlfield tag="005">20171005111338.0</controlfield>
  <controlfield tag="008">171005b        xxu||||| |||| 00| 0 eng d</controlfield>
  <datafield tag="040" ind1=" " ind2=" ">
    <subfield code="c">PK-LaUMT</subfield>
  </datafield>
  <datafield tag="082" ind1=" " ind2=" ">
    <subfield code="a">294.342</subfield>
    <subfield code="b">CRI-D</subfield>
  </datafield>
  <datafield tag="100" ind1=" " ind2=" ">
    <subfield code="a">Roberts, Cristofer = &#x631;&#x648;&#x628;&#x631;&#x679;&#x633;&#x60C; &#x6A9;&#x631;&#x633;&#x679;&#x648;&#x641;&#x631;</subfield>
  </datafield>
  <datafield tag="245" ind1=" " ind2=" ">
    <subfield code="a">Dalai laama =    &#x62F;&#x644;&#x627;&#x657;&#x6CC; &#x644;&#x627;&#x645;&#x627; /</subfield>
    <subfield code="c">Cristofer Roberts =  &#x6A9;&#x631;&#x633;&#x679;&#x648;&#x641;&#x631; &#x631;&#x648;&#x6C1;&#x628;&#x679;&#x633;      ; translated by Muhammad Ahsan Butt =</subfield>
  </datafield>
  <datafield tag="260" ind1=" " ind2=" ">
    <subfield code="a">Lahore :</subfield>
    <subfield code="b">Darushaoor,</subfield>
    <subfield code="c">2015</subfield>
  </datafield>
  <datafield tag="300" ind1=" " ind2=" ">
    <subfield code="a">184 p.</subfield>
  </datafield>
  <datafield tag="942" ind1=" " ind2=" ">
    <subfield code="c">BK</subfield>
  </datafield>
  <datafield tag="999" ind1=" " ind2=" ">
    <subfield code="c">98834</subfield>
    <subfield code="d">98834</subfield>
  </datafield>
  <datafield tag="952" ind1=" " ind2=" ">
    <subfield code="0">0</subfield>
    <subfield code="1">0</subfield>
    <subfield code="4">0</subfield>
    <subfield code="7">0</subfield>
    <subfield code="a">01</subfield>
    <subfield code="b">01</subfield>
    <subfield code="d">2017-10-05</subfield>
    <subfield code="l">1</subfield>
    <subfield code="o">294.342 CRI-D</subfield>
    <subfield code="p">113327</subfield>
    <subfield code="r">2019-03-09 00:00:00</subfield>
    <subfield code="s">2018-06-25</subfield>
    <subfield code="w">2017-10-05</subfield>
    <subfield code="y">BK</subfield>
  </datafield>
</record>
